书目信息 |
| 题名: |
无心外圆磨削原理
|
|
| 作者: | 王玉昆 编著 | |
| 分册: | ||
| 出版信息: | 北京 机械工业出版社 1979 |
|
| 页数: | 251页 | |
| 开本: | 19cm | |
| 丛书名: | ||
| 单 册: | ||
| 中图分类: | TG580.63 | |
| 科图分类: | ||
| 主题词: | 无心磨削:外圆磨削--理论 , 外圆磨削:无心磨削--理论 | |
| 电子资源: | ||
| ISBN: | ||
| 000 | 00629nam0 2200229 45 | |
| 001 | 0179005257 | |
| 005 | 20060731101809.89 | |
| 010 | @dCNY0.65 | |
| 091 | @a15033.4576 | |
| 100 | @a19950731d1979 em y0chiy0121 ea | |
| 101 | 0 | @achi |
| 102 | @aCN@b110000 | |
| 105 | @ay z 000yy | |
| 200 | 10 | @a无心外圆磨削原理@Awu xin wai yuan mo xue yuan li@f王玉昆编著 |
| 210 | @a北京@c机械工业出版社@d1979 | |
| 215 | @a251页@d19cm | |
| 606 | @a无心磨削:外圆磨削@x理论 | |
| 606 | @a外圆磨削:无心磨削@x理论 | |
| 690 | @aTG580.63@v3 | |
| 701 | 0 | @a王玉昆@Awang yu kun@4编著 |
| 801 | 0 | @aCN@bTSSF@c20060731 |
| 905 | @a10447@dTG580.63@e28 | |
| 无心外圆磨削原理/王玉昆编著.-北京:机械工业出版社,1979 |
| 251页;19cm |
| ISBN :CNY0.65 |
| ● |
| 相关链接 |
|
|
|
|
正题名:无心外圆磨削原理
索取号:TG580.63/28
 
预约/预借
| 序号 | 登录号 | 条形码 | 馆藏地/架位号 | 状态 | 备注 |
| 1 | 0439097 | 204390970 | 密集书库/ [索取号:TG580.63/28] | 在馆 |